<?xml version="1.0" encoding="UTF-8"?>
<collection xmlns="http://www.loc.gov/MARC21/slim">
    <record>
        <controlfield tag="001">79847</controlfield>
        <controlfield tag="005">20200716101451.0</controlfield>
        <datafield tag="024" ind1="7" ind2=" ">
            <subfield code="2">doi</subfield>
            <subfield code="a">10.1080/02102412.2019.1591880</subfield>
        </datafield>
        <datafield tag="024" ind1="8" ind2=" ">
            <subfield code="2">sideral</subfield>
            <subfield code="a">112277</subfield>
        </datafield>
        <datafield tag="037" ind1=" " ind2=" ">
            <subfield code="a">ART-2019-112277</subfield>
        </datafield>
        <datafield tag="041" ind1=" " ind2=" ">
            <subfield code="a">eng</subfield>
        </datafield>
        <datafield tag="100" ind1=" " ind2=" ">
            <subfield code="0">(orcid)0000-0002-0385-2263</subfield>
            <subfield code="a">Acerete, Basilio</subfield>
            <subfield code="u">Universidad de Zaragoza</subfield>
        </datafield>
        <datafield tag="245" ind1=" " ind2=" ">
            <subfield code="a">Analysis of environmental financial reporting in the Spanish toll roads sector</subfield>
        </datafield>
        <datafield tag="260" ind1=" " ind2=" ">
            <subfield code="c">2019</subfield>
        </datafield>
        <datafield tag="506" ind1="0" ind2=" ">
            <subfield code="a">Access copy available to the general public</subfield>
            <subfield code="f">Unrestricted</subfield>
        </datafield>
        <datafield tag="520" ind1="3" ind2=" ">
            <subfield code="a">There is a great variety of environmental financial reporting as regards content, extension and how it is included in the annual accounts. Spain and, in particular, the toll roads sector was amongst the first to be required to disclose environmental information. These concessionaires have also been affected by changes in domestic and international accounting regulation. The first objective of the paper is to analyse the quality of environmental financial reporting in the Spanish toll roads sector and its evolution after International Financial Reporting Standards (IFRS) implementation. The second is to compare the reporting behaviour of concessionaires with that of their parent companies. The third is to test what institutional mechanisms influence environmental disclosure. Content analysis has been applied for the period 1999-2015. Results show a minimum environmental reporting level focused merely on complying with regulation requirements, without a useful content revealing the integration of environmental issues into the companies'' management. The implementation of IFRS has not improved environmental disclosure and, in some cases, has even worsened it. In addition, under institutional theory, results show that some institutional factors (regulation and sub-sector) explain the environmental financial reporting behaviour of the companies analysed.</subfield>
        </datafield>
        <datafield tag="536" ind1=" " ind2=" ">
            <subfield code="9">info:eu-repo/grantAgreement/ES/DGA/S33-17R</subfield>
            <subfield code="9">info:eu-repo/grantAgreement/ES/MICINN/ECO2015-66240-P</subfield>
            <subfield code="9">info:eu-repo/grantAgreement/ES/MINECO/ECO2016-74920-C2-1-R</subfield>
        </datafield>
        <datafield tag="540" ind1=" " ind2=" ">
            <subfield code="9">info:eu-repo/semantics/openAccess</subfield>
            <subfield code="a">All rights reserved</subfield>
            <subfield code="u">http://www.europeana.eu/rights/rr-f/</subfield>
        </datafield>
        <datafield tag="590" ind1=" " ind2=" ">
            <subfield code="a">1.275</subfield>
            <subfield code="b">2019</subfield>
        </datafield>
        <datafield tag="591" ind1=" " ind2=" ">
            <subfield code="a">BUSINESS, FINANCE</subfield>
            <subfield code="b">73 / 108 = 0.676</subfield>
            <subfield code="c">2019</subfield>
            <subfield code="d">Q3</subfield>
            <subfield code="e">T3</subfield>
        </datafield>
        <datafield tag="592" ind1=" " ind2=" ">
            <subfield code="a">0.283</subfield>
            <subfield code="b">2019</subfield>
        </datafield>
        <datafield tag="593" ind1=" " ind2=" ">
            <subfield code="a">Accounting</subfield>
            <subfield code="c">2019</subfield>
            <subfield code="d">Q3</subfield>
        </datafield>
        <datafield tag="593" ind1=" " ind2=" ">
            <subfield code="a">Finance</subfield>
            <subfield code="c">2019</subfield>
            <subfield code="d">Q3</subfield>
        </datafield>
        <datafield tag="593" ind1=" " ind2=" ">
            <subfield code="a">Economics and Econometrics</subfield>
            <subfield code="c">2019</subfield>
            <subfield code="d">Q3</subfield>
        </datafield>
        <datafield tag="655" ind1=" " ind2="4">
            <subfield code="a">info:eu-repo/semantics/article</subfield>
            <subfield code="v">info:eu-repo/semantics/publishedVersion</subfield>
        </datafield>
        <datafield tag="700" ind1=" " ind2=" ">
            <subfield code="0">(orcid)0000-0002-1615-9505</subfield>
            <subfield code="a">Gasca, Mar</subfield>
            <subfield code="u">Universidad de Zaragoza</subfield>
        </datafield>
        <datafield tag="700" ind1=" " ind2=" ">
            <subfield code="0">(orcid)0000-0001-8020-0229</subfield>
            <subfield code="a">Llena, Fernando</subfield>
            <subfield code="u">Universidad de Zaragoza</subfield>
        </datafield>
        <datafield tag="710" ind1="2" ind2=" ">
            <subfield code="1">4002</subfield>
            <subfield code="2">230</subfield>
            <subfield code="a">Universidad de Zaragoza</subfield>
            <subfield code="b">Dpto. Contabilidad y Finanzas</subfield>
            <subfield code="c">Área Economía Finan. y Contab.</subfield>
        </datafield>
        <datafield tag="773" ind1=" " ind2=" ">
            <subfield code="g">48, 4 (2019), 430-463</subfield>
            <subfield code="p">Rev. esp. financ. contab.</subfield>
            <subfield code="t">Spanish journal of finance and accounting / Revista española de financiacion y contabilidad</subfield>
            <subfield code="x">0210-2412</subfield>
        </datafield>
        <datafield tag="856" ind1="4" ind2=" ">
            <subfield code="s">611682</subfield>
            <subfield code="u">http://zaguan.unizar.es/record/79847/files/texto_completo.pdf</subfield>
            <subfield code="y">Versión publicada</subfield>
        </datafield>
        <datafield tag="856" ind1="4" ind2=" ">
            <subfield code="s">70817</subfield>
            <subfield code="u">http://zaguan.unizar.es/record/79847/files/texto_completo.jpg?subformat=icon</subfield>
            <subfield code="x">icon</subfield>
            <subfield code="y">Versión publicada</subfield>
        </datafield>
        <datafield tag="909" ind1="C" ind2="O">
            <subfield code="o">oai:zaguan.unizar.es:79847</subfield>
            <subfield code="p">articulos</subfield>
            <subfield code="p">driver</subfield>
        </datafield>
        <datafield tag="951" ind1=" " ind2=" ">
            <subfield code="a">2020-07-16-09:06:31</subfield>
        </datafield>
        <datafield tag="980" ind1=" " ind2=" ">
            <subfield code="a">ARTICLE</subfield>
        </datafield>
    </record>

    
</collection>